000 01292nas a2200337 4500
001 BR9206187
003 BR-BrBNA
005 20231205092909.0
007 ta
008 230509b bl.|||p| |||| 00| 00por d
040 _aBR-BrBNA
_bpor
_cBiblioteca Nacional de Agricultura
041 _a(Pt)
072 _aQ54
100 1 _aCosta-Silva, G.J.
100 1 _aJunqueira, O.M.
100 1 _aSakomura, N.K.
100 1 _aKronka, S. do N.
100 1 _aFranco, S.G.
100 1 _aAriki, J.
245 1 _aViabilidade de uso do fosfato de rocha e a influencia dos niveis de fluor em racoes para frangos de corte e poedeiras comerciais. 1: influencia do uso de fluoretos de sodio e de calcio e de sulfato de aluminio (resultados parciais)
246 1 _a[Viability of using rock phosphate and influence of fluorine level in broiler chickens and layer chickens rations. 1: influence of sodium fluorides, calcium and aluminium sulphate (partial results)!
650 _aFRANGO DE CORTE
650 _aGALINHA PARA POSTURA
650 _aRACAO
650 _aCOMPOSICAO QUIMICA
650 _aFOSFATO
650 _aFLUOR
773 0 _tCiencia Zootecnica. Jaboticabal (Brazil)
_x
_g(1990), v. 5(1) p. 9-11
_wBR9206187
909 _a202311
_bLúcia
_c55
_dLúcia Elande
942 _2AGRIS
_n0
_cANA
999 _c134960
_d134960